| 000 | 00652nam a22001937a 4500 | ||
|---|---|---|---|
| 999 |
_c185615 _d185615 |
||
| 005 | 20220204152153.0 | ||
| 010 | _aUR-11420 | ||
| 020 |
_c250.00 _a9789390533992 |
||
| 035 | _aU-9975 | ||
| 037 |
_bDBAD/PUB _adpl |
||
| 082 | _a305.4 | ||
| 100 | _aسہيل جا معی | ||
| 245 |
_aعو ر تو ں کے جنسی مسا يل _cسہيل جا معی |
||
| 246 |
_bAurton Ke Jinsi Masayel (Urdu) _aby Suhail Jami |
||
| 260 |
_aDelhi _bEducational Publishing House _c2021 ء |
||
| 270 |
_a3191,Vakil Street,Kucha Pandit,Lal Kuan, _bDelhi _e110006 _k23216162 _l- |
||
| 300 |
_a132 ص _c22 Cm(Hb) |
||
| 942 |
_2ddc _cUR _h305.4 _mس و ہ |
||